00669nam a2200181 i 450000100060000000300090000600500170001500700030003200800410003510000280007624501140010426000320021830000260025070000360027685200320031299900170034495201260036165722ES-MaACL20230906165445.0t|040121s1961 sp ||||1| spa d1 aFromont, Pierre.95273210aEconomía agrícola / cPierre Fromont ; traducción del francés y prólogo por Ramiro Campos Nordmann. aMadrid : bAguilar, c1961. aXV, 480 p. ; c24 cm.1 aCampos Nordmann, Ramiro.934281 aES-MaACLjC-20810 bR.49319 c65722d65722 00104070aATENEOMbATENEOMcGaleríad2008-01-17eSCl0oC-20810p1068854r2023-02-23 00:00:00w2023-02-23yMONOGRAFIA